| 000 -LEADER |
| fixed length control field |
01389 a2200325 4500 |
| 003 - CONTROL NUMBER IDENTIFIER |
| control field |
OSt |
| 005 - DATE AND TIME OF LATEST TRANSACTION |
| control field |
20180116192350.0 |
| 008 - FIXED-LENGTH DATA ELEMENTS--GENERAL INFORMATION |
| fixed length control field |
120601t xxu||||| |||| 00| 0 eng d |
| 010 ## - LIBRARY OF CONGRESS CONTROL NUMBER |
| LC control number |
2008051590 |
| 020 ## - INTERNATIONAL STANDARD BOOK NUMBER |
| International Standard Book Number |
9780295989105 (hardback : alk. paper) |
| 020 ## - INTERNATIONAL STANDARD BOOK NUMBER |
| International Standard Book Number |
0295989106 (hardback : alk. paper) |
| 020 ## - INTERNATIONAL STANDARD BOOK NUMBER |
| International Standard Book Number |
9780295989112 (pbk. : alk. paper) |
| 020 ## - INTERNATIONAL STANDARD BOOK NUMBER |
| International Standard Book Number |
0295989114 (pbk. : alk. paper) |
| 035 ## - SYSTEM CONTROL NUMBER |
| System control number |
(OCoLC)ocn268797375 |
| 040 ## - CATALOGING SOURCE |
| Transcribing agency |
0 |
| 082 00 - DEWEY DECIMAL CLASSIFICATION NUMBER |
| Classification number |
953.32 |
| 100 1# - MAIN ENTRY--PERSONAL NAME |
| Personal name |
Um, Nancy. |
| 9 (RLIN) |
3420 |
| 245 14 - TITLE STATEMENT |
| Title |
The merchant houses of Mocha : |
| Remainder of title |
trade and architecture in an Indian Ocean port / |
| Statement of responsibility, etc. |
Nancy Um. |
| 260 ## - PUBLICATION, DISTRIBUTION, ETC. |
| Place of publication, distribution, etc. |
Seattle : |
| Name of publisher, distributor, etc. |
University of Washington Press, |
| Date of publication, distribution, etc. |
c2009. |
| 300 ## - PHYSICAL DESCRIPTION |
| Extent |
xiii, 270 p. : |
| Other physical details |
ill., maps ; |
| Dimensions |
23 cm. |
| 490 1# - SERIES STATEMENT |
| Series statement |
Publications on the Near East |
| 650 10 - SUBJECT ADDED ENTRY--TOPICAL TERM |
| Topical term or geographic name entry element |
Architecture and merchants |
| Geographic subdivision |
Yemen (Republic) |
| -- |
Mukhā |
| General subdivision |
History |
| Chronological subdivision |
17th century. |
| 9 (RLIN) |
3421 |
| 650 10 - SUBJECT ADDED ENTRY--TOPICAL TERM |
| Topical term or geographic name entry element |
Architecture and merchants |
| Geographic subdivision |
Yemen (Republic) |
| -- |
Mukhā |
| General subdivision |
History |
| Chronological subdivision |
18th century. |
| 9 (RLIN) |
3422 |
| 651 10 - SUBJECT ADDED ENTRY--GEOGRAPHIC NAME |
| Geographic name |
Mukhā (Yemen) |
| General subdivision |
Commerce |
| -- |
History |
| Chronological subdivision |
17th century. |
| 9 (RLIN) |
3423 |
| 651 10 - SUBJECT ADDED ENTRY--GEOGRAPHIC NAME |
| Geographic name |
Mukhā (Yemen) |
| General subdivision |
Commerce |
| -- |
History |
| Chronological subdivision |
18th century. |
| 9 (RLIN) |
3424 |
| 651 10 - SUBJECT ADDED ENTRY--GEOGRAPHIC NAME |
| Geographic name |
Mukhā (Yemen) |
| General subdivision |
Buildings, structures, etc. |
| 9 (RLIN) |
3425 |
| 830 #0 - SERIES ADDED ENTRY--UNIFORM TITLE |
| Uniform title |
Publications on the Near East, University of Washington. |
| 9 (RLIN) |
3426 |
| 942 ## - ADDED ENTRY ELEMENTS (KOHA) |
| Institution code [OBSOLETE] |
SADA |
| Koha item type |
Book |
| Call number prefix |
953.32 UMN 2009 |
| Source of classification or shelving scheme |
|
| 952 ## - LOCATION AND ITEM INFORMATION (KOHA) |
| -- |
BOOK |